<?xml version="1.0" encoding="UTF-8"?>
<collection xmlns="http://www.loc.gov/MARC21/slim">
  <record>
    <leader>00000nam  2200000   4500</leader>
    <controlfield tag="001">INLIS000000000018649</controlfield>
    <controlfield tag="005">20250423075620</controlfield>
    <datafield tag="035" ind1="#" ind2="#">
      <subfield code="a">0010-1224000020</subfield>
    </datafield>
    <controlfield tag="007">ta</controlfield>
    <controlfield tag="008">250423###########################0#ind##</controlfield>
    <datafield tag="245" ind1="#" ind2="#">
      <subfield code="a">JOURNAL CLUB :</subfield>
      <subfield code="b">Optimalisasi Kelompok Belajar Karya Ilmiah Mahasiswa Ilmu Komunikasi Fakultas Ilmu Sosial dan Ilmu Politik (FISIP) Universitas Halu Oleo (UHO) Melalui Journal Club (JC) /</subfield>
      <subfield code="c">Febriansyah, S.I.Kom., M.Med.Kom</subfield>
    </datafield>
    <datafield tag="260" ind1="#" ind2="#">
      <subfield code="a">Makassar :</subfield>
      <subfield code="b">Puslatbang KMP RI LAN Makassar,</subfield>
      <subfield code="c">2024</subfield>
    </datafield>
    <datafield tag="300" ind1="#" ind2="#">
      <subfield code="a">44 ;</subfield>
      <subfield code="c">30</subfield>
    </datafield>
    <datafield tag="650" ind1="#" ind2="4">
      <subfield code="a">Komunikasi</subfield>
    </datafield>
    <datafield tag="700" ind1=" " ind2="#">
      <subfield code="a">Prof. Dr. H. Eka Suaib, M.Si (Mentor)</subfield>
    </datafield>
    <datafield tag="700" ind1=" " ind2="#">
      <subfield code="a">Maylitha Achmad, S.Psi., MBA (Coach)</subfield>
    </datafield>
    <datafield tag="520" ind1="#" ind2="#">
      <subfield code="a">Laporan ini merupakan hasil dari kegiatan dari program Aktualisasi. Isu yang saya angkat adalah belum belum optimalnya kelompok belajar karya ilmiah bagi mahasiswa limu Komunikasi Fakultas Ilmu Sosial dan Ilmu Politik (FISIP) Universitas Halu Oleo (UHO). Melihat hal itu saya membuat gagasan kreatif berupa optimalisasi kelompok belajar karya ilmiah mahasiswa Ilmu Komunikasi Fakultas Ilmu Sosial dan Ilmu Politik (FISIP) Universitas Halu Oleo (UHO) melalui Journal Club (JC). JC terdiri dari 5 kegiatan utama dan beberapa tahapan kegiatan, yaitu: Membentuk tim Journal Club (JC), Membuat jadwal dan menentukan lokasi kegiatan JC, Sosialisasi kepada mahasiswa baru terkait kegiatan JC, Melaksanakan kegiatan JC, dan Melakukan monitoring dan evaluasi terkait JC. Terlaksananya kegiatan ini memberikan manfaat bagi diri sendiri sekaligus untuk organisasi.</subfield>
    </datafield>
    <datafield tag="856" ind1="#" ind2="#">
      <subfield code="a">PUSLATBANG KMP LAN RI Makassar</subfield>
    </datafield>
  </record>
</collection>
